Statistics for Common Names of Chemical Compounds

Click here to take the quiz!

General Stats

  • This quiz has been taken 28 times
    (24 since last reset)
  • The average score is 7 of 31

Answer Stats

Name of the CompoundChemical Name% Correct
Table SaltSodium Chloride
73%
VinegarAcetic Acid
55%
Laughing GasDinitrogen Oxide
55%
QuicksilverMercury
55%
QuartzSilicon Dioxide
45%
Baking SodaSodium Bicarbonate
45%
AluminaAluminum Oxide
36%
Milk of MagnesiaMagnesium Hydroxide
36%
Caustic SodaSodium Hydroxide
36%
Table SugarSucrose
36%
LimeCalcium Hydroxide
27%
GraphiteCarbon
27%
Muriatic AcidHydrochloric Acid
27%
PotashPotassium Carbonate
27%
RustFerric Oxide
18%
Natural GasMethane
18%
Soda AshSodium Carbonate
18%
Oil of VitriolSulfuric Acid
18%
GypsumCalcium Sulfate Dihydrate
9%
Aqua OxinadaHydrogen Peroxide
9%
PyriteIron Sulfide
9%
Rubbing AlcoholIsopropyl Alcohol
9%
GalenaLead Sulfide
9%
Epsom SaltMagnesium Sulfate Heptahydrate
9%
BoraxSodium Tetraborate Decahydrate
9%
DolomiteCalcium Magnesium Carbonate
0%
Prussic AcidHydrogen Cyanide
0%
TalcMagnesium Silicate
0%
Aqua FortisNitric Acid
0%
SaltpeterPotassium Nitrate
0%
PitchblendeUranium Oxide
0%

Score Distribution

Percentile by Number Answered

Percent of People with Each Score

Your Score History

You have not taken this quiz since the last reset